00523nam a2200193Ia 4500003000400000005001700004006001900021007000300040008004100043024001000084037002600094040002000120041001300140082002100153100002000174245009000194250000600284260003900290OSt20220928133152.0a|||||r|||| 00| 0 ta220927b |||||||| |||| 00| 0 eng d a37839 cReference Collections aSDCLcSDCLbeng 2engaeng aD65k, M5 RR aJordan Edward C 0aReference data for engineers b Radio, electronics, computer and communications.  a7 aIndianabHoward W. Sams c1985